| 000 | 00937cab a2200277 4500 | ||
|---|---|---|---|
| 001 | ABS55524 | ||
| 008 | 090401t1996 xxu||||| |||| 00| 0 eng d | ||
| 035 | _a(Sirsi) u17136 | ||
| 041 | _aeng | ||
| 100 | _aWilson, M. | ||
| 245 | _aRadical changes in Enterprise Zone market | ||
| 260 | _c1996 | ||
| 350 | _a0 | ||
| 490 |
_aProperty Finance & Development _v8(6) June 1996, 2-3(2) |
||
| 520 | _aDiscusses the Enterprise Zone property investment market, which has undergone radical changes in recent years and assesses the impact of Enterprise Zone Property Unit Trusts (EZPUT) on the market. | ||
| 650 | _aENTERPRISE ZONE CAPITAL ALLOWANCES | ||
| 650 | _aENTERPRISE ZONE PROPERTY UNIT TRUSTS | ||
| 650 | _aENTERPRISE ZONES | ||
| 650 | _aEZPUTS | ||
| 650 | _aINVESTMENT MARKET | ||
| 650 | _aINVESTORS | ||
| 650 | _aTAX RELIEF | ||
| 690 | _aPROPERTY-PROPERTY FINANCE AND INVESTMENT | ||
| 942 | _n0 | ||
| 948 | _c04/03/1997 | ||
| 999 |
_c11360 _d11360 |
||